|
|
|
|
| LEADER |
00000nam1a2200000 4500 |
| 001 |
71370 |
| 005 |
20231101212558.0 |
| 035 |
|
|
|a (RuTPU)RU\TPU\book\75977
|
| 090 |
|
|
|a 71370
|
| 100 |
|
|
|a 20041215d m y0rusy50 ca
|
| 101 |
0 |
|
|a rus
|
| 102 |
|
|
|a RU
|
| 200 |
1 |
|
|a Полное собрание сочинений. В 30-ти т.
|f Ф. М. Достоевский
|g Академия наук СССР (АН СССР), Институт русской литературы (Пушкинский Дом) (ИРЛИ) ; под ред. В. Г. Базанова
|
| 210 |
|
|
|a Ленинград
|c Наука
|d 1972-
|
| 300 |
|
|
|a Художественые произведения: Т. 1-17
|
| 675 |
|
|
|a Р1
|v 3
|
| 700 |
|
1 |
|a Достоевский
|b Ф. М.
|c русский писатель
|f 1821-1881
|g Федор Михайлович
|2 stltpush
|3 (RuTPU)RU\TPU\pers\1038
|9 461
|
| 702 |
|
1 |
|a Базанов
|b В. Г.
|4 340
|
| 712 |
0 |
2 |
|a Академия наук СССР (АН СССР)
|b Институт русской литературы (Пушкинский Дом) (ИРЛИ)
|c (Ленинград)
|2 stltpush
|3 (RuTPU)RU\TPU\col\6621
|
| 801 |
|
1 |
|a RU
|b 63413507
|c 20041215
|g PSBO
|
| 801 |
|
2 |
|a RU
|b 63413507
|c 20111114
|g PSBO
|
| 942 |
|
|
|c BK
|